| 000 | 00933nam a22002897a 4500 | ||
|---|---|---|---|
| 001 | 5395 | ||
| 003 | FISKH | ||
| 005 | 20241202141707.0 | ||
| 008 | 241202b cb ||||| |||| 00| 0 eng d | ||
| 020 | _a9780439796019 | ||
| 040 |
_aFISKH _beng _cFISKH _dFISKH |
||
| 082 | _a551.5 | ||
| 100 | _aSimon, Seymour | ||
| 245 |
_aWild Earth / _cby Seymour Simon |
||
| 250 | _aFirst prining, January 2009 | ||
| 260 |
_aNew York : _bScholastic ; _c2009. |
||
| 300 |
_a32 pages : _bcolor illustrations ; _c24 cm . |
||
| 490 | _aTop 50 Questions | ||
| 505 | _aZ | ||
| 520 | _aWhat comes out of a volcano? How fast do tsunamis move? What causes mudslides? You'll learn about avalanches, earthquakes, volcanic bombs, tsunami waves, and more! | ||
| 521 | 8 |
_a930
_bLexile NC |
|
| 521 | 8 |
_aZ
_bRaz-Plus |
|
| 650 |
_anatural disasters _vNon-fiction |
||
| 650 |
_aearth _vNon-fiction |
||
| 942 |
_2ddc _cBK _n0 |
||
| 999 |
_c5395 _d5395 |
||